La France s'est faite à coups d'épée : L'épopée des grandes batailles d'Hastings à la Libération (notice n° 1568388)
[ vue normale ]
| 000 -LEADER | |
|---|---|
| fixed length control field | 01471cam a2200133 4500500 |
| 005 - DATE AND TIME OF LATEST TRANSACTION | |
| control field | 20251214004256.0 |
| 041 ## - LANGUAGE CODE | |
| Language code of text/sound track or separate title | fre |
| 042 ## - AUTHENTICATION CODE | |
| Authentication code | dc |
| 100 10 - MAIN ENTRY--PERSONAL NAME | |
| Personal name | Lormier, Dominique |
| Relator term | author |
| 245 00 - TITLE STATEMENT | |
| Title | La France s'est faite à coups d'épée : L'épopée des grandes batailles d'Hastings à la Libération |
| 260 ## - PUBLICATION, DISTRIBUTION, ETC. | |
| Name of publisher, distributor, etc. | Armand Colin,<br/> |
| Date of publication, distribution, etc. | 2015.<br/> |
| 520 ## - SUMMARY, ETC. | |
| Summary, etc. | « La France fut faite à coups d’épée ». Cette citation de Charles de Gaulle dont s’inspire le titre de l’ouvrage dit bien ce que le paysage de la France doit aux grandes batailles qu’elle a dû livrer pour construire ces frontières que nous connaissons aujourd’hui.Depuis le Moyen Âge jusqu’aux guerres de Libération de Provence et d’Alsace, l’auteur nous fait revivre cette grande épopée à travers les moments les plus marquants de son histoire. On y croise le fer en compagnie de Du Guesclin et de Jeanne d’Arc qui donnent aux armées de leurs souverains respectifs des victoires éclatantes, même si d’autres batailles, comme celles de Crécy ou de Poitiers ont laissé un goût plus amer. La plume alerte de Dominique Lormier court de Valmy aux grandes heures des guerres napoléoniennes jusqu’aux batailles acharnées des deux derniers conflits mondiaux.Cet ouvrage, abondamment illustré, se lit comme un roman, celui de l’histoire de France. |
| 856 41 - ELECTRONIC LOCATION AND ACCESS | |
| Uniform Resource Identifier | <a href="https://shs.cairn.info/la-france-s-est-faite-a-coups-d-epee--9782200600600?lang=fr&redirect-ssocas=7080">https://shs.cairn.info/la-france-s-est-faite-a-coups-d-epee--9782200600600?lang=fr&redirect-ssocas=7080</a> |
Pas d'exemplaire disponible.




Réseaux sociaux